Informe de evaluación de las charlas de inducción a primeros años

Saved in:
Bibliografiske detaljer
Main Authors: Jara Albornoz, Víctor (Author), Muñoz A., Johana (Author)
Format: Bog
Sprog:spansk
Udgivet: Valparaíso Pontificia Universidad Católica de Valparaíso 2003
Fag:
Tags: Tilføj Tag
Ingen Tags, Vær først til at tagge denne postø!

MARC

LEADER 00000nam a2200000 a 4500
001 UCK2903
003 CL-VaPUC
008 050324e20030000CL |||||||||||||||||spa|d
082 0 4 |a 378.83  |b JAR  |2 21 
100 |a Jara Albornoz, Víctor  |e author  |9 805768 
700 0 |a Muñoz A., Johana  |e author  |9 490902 
245 1 0 |a Informe de evaluación de las charlas de inducción a primeros años 
300 |a 53 p 
942 |c BK 
945 |d 20050324 00:00:00  |a cmena 
260 |a Valparaíso  |b Pontificia Universidad Católica de Valparaíso  |c 2003 
500 |a Corresponde a: Taller de Consultoría 1 
500 |a Dirigido por: Renato Patricio Allende Olivares 
600 0 |a Pontificia Universidad Católica de Valparaíso  |9 487638 
650 0 |a Educación superior   |9 223851 
650 0 |a Encuestas   |9 259666 
650 0 |a Universidades  |9 256317 
650 0 |a Muestreo (Estadística)  |9 270232 
650 0 |a Estadística matemática  |9 260028 
583 |a last modification  |c 20050324 00:00:00  |k Rodrigo Vera 
999 |c 312294  |d 312292 
952 |0 0  |1 0  |2 ddc  |4 0  |6 378_830000000000000_JAR_2003  |7 0  |8 T  |9 382361  |a BIBGIM  |b BIBGIM  |d 2019-11-21  |i 4084209  |o 378.83 JAR 2003  |p 4084209  |r 2019-11-21  |w 2019-11-21  |y BK_F  |k EST